000 00934 a2200265 4500
999 _c11020
_d11020
020 _a9780194370028 (pbk.)
020 _a019437002X (pbk.)
050 0 0 _aP53.4
_b.BAC 1990
100 1 _aBachman, Lyle F.,
_d1944-
245 1 0 _aFundamental considerations in language testing /
_cLyle F. Bachman.
264 _a Oxford:
_bOxford University Press,
_c 1990
300 _axi, 408 p. :
_bill. ;
336 _2rdacontent
_atxt
_btext
337 _2unmediated
_an
_brdamedia
338 _2volume
_anc
_brdacarrier
440 _a Oxford applied linguistics
500 _aIncludes index.
504 _aIncludes bibliographical references (p. [361]-394)
650 0 _aLanguage and languages
_xAbility testing.
650 0 _aLanguage and languages
_xExaminations.
650 0 _aCommunicative competence.
700 1 _aSavignon, Sandra J.
942 _2lcc
_cBK
_h53.4
_iBAC
_kP